000
00244nam a2200097Ia 4500
001
642893
005
20250826153535.0
008
250824s9999 xx 000 0 und d
245
0
_a
Mavi Kuşu Gören Var Mı
_c
Çetin Öner
260
_b
CAN YAYINLARI
999
_c
642893
_d
642893